| 000 | 00901nam a22002177a 4500 | ||
|---|---|---|---|
| 003 | OSt | ||
| 005 | 20260312013140.0 | ||
| 008 | 260312b |||||||| |||| 00| 0 eng d | ||
| 020 | _a978-981-28-4442-4 | ||
| 040 |
_aDWCL GS lib _cOC |
||
| 082 | _aF686d 2009 | ||
| 100 | _aFOO, ADELINE | ||
| 245 |
_aThe diary of Amos Lee: girls, guts and glory! _bGirls, Guts, and Glory! _cAdeline Foo |
||
| 260 |
_aSingapore _bEpigram Books _c2009 |
||
| 300 |
_a117 p _c22cm |
||
| 520 | _aa 10-year-old boy who, forced by his mother, records his daily life while sitting on the toilet. | ||
| 650 | _aa 9-years-old character created by adeline foo, the protagonist of a new children's book documenting life in singapore. | ||
| 650 | _averyday life of child like Amos is laced with opportunities and challenges and how he uses various thinking skills to tackle them | ||
| 700 | _aAdeline Foo | ||
| 942 |
_2ddc _cFIC. _n0 |
||
| 999 |
_c8989 _d8989 |
||